[Event "Almansa op-B"]
[Site "Almansa"]
[Date "2022.08.10"]
[Round "2"]
[White "Rubio Cuartero, Javier"]
[Black "Sanchez Fernandez, Jose Joaquin"]
[Result "0-1"]
[WhiteElo "1677"]
[BlackElo "1967"]
[PlyCount "40"]
[EventDate "2022.08.10"]
[EventType "swiss"]
[EventRounds "8"]
[EventCountry "ESP"]
[SourceTitle "CBM 210 Extra"]
[Source "ChessBase"]
[SourceDate "2022.11.30"]
[SourceVersion "1"]
[SourceVersionDate "2022.11.30"]
[SourceQuality "1"]

1. d4 Nf6 2. Nf3 e6 3. e3 b6 4. Bd3 Bb7 5. Nbd2 c5 6. c3 d6 7. Qe2 Nbd7 8. 0-0 Qc7 9. a3 Be7 10. e4 cxd4 11. cxd4 e5 12. b4 0-0 13. Bb2 Rfe8 14. Rfc1 Qb8 15. Bb5 a6 16. Bc6 Bxc6 17. Rxc6 Bf8 18. Rac1 b5 19. dxe5 Nxe5 20. Qe3 Nxc6 0-1

[Event "Almansa op-B 14th"]
[Site "Almansa"]
[Date "2019.08.07"]
[Round "2"]
[White "Rubio Cuartero, Javier"]
[Black "Reig Albero, Ferran"]
[Result "0-1"]
[WhiteElo "1679"]
[BlackElo "1948"]
[PlyCount "66"]
[EventDate "2019.08.07"]
[EventType "swiss"]
[EventRounds "7"]
[EventCountry "ESP"]
[SourceTitle "EXT 2022"]
[Source "ChessBase"]
[SourceDate "2021.10.06"]
[SourceVersion "1"]
[SourceVersionDate "2021.10.06"]
[SourceQuality "1"]

1. e4 c5 2. Nf3 d6 3. d4 cxd4 4. Nxd4 Nf6 5. Nc3 Nc6 6. f3 e5 7. Nb3 Be7 8. Be3 0-0 9. Qd2 a5 10. a4 Be6 11. Rd1 Nb4 12. Bb5 Qc7 13. Qf2 d5 14. Bb6 Qc8 15. Bd3 d4 16. Nb5 Ra6 17. Na7 Nxd3+ 18. Rxd3 Qa8 19. Bxd4 exd4 20. Nb5 Qc8 21. N3xd4 Bc4 22. Rd2 Bc5 23. c3 Rd8 24. Qe3 Rb6 25. h4 Bxb5 26. axb5 Rxb5 27. 0-0 Rb6 28. Qg5 h6 29. Qe3 Re6 30. g3 Qc7 31. Kh2 Ree8 32. Rfd1 Nh5 33. Qe1 Nxg3 0-1